<?xml version="1.0" encoding="UTF-8"?>
<record
    xmlns:xsi="http://www.w3.org/2001/XMLSchema-instance"
    xsi:schemaLocation="http://www.loc.gov/MARC21/slim http://www.loc.gov/standards/marcxml/schema/MARC21slim.xsd"
    xmlns="http://www.loc.gov/MARC21/slim">

  <leader>03405cam a22003017a 4500</leader>
  <datafield tag="999" ind1=" " ind2=" ">
    <subfield code="c">18512</subfield>
    <subfield code="d">18512</subfield>
  </datafield>
  <controlfield tag="005">20161221152807.0</controlfield>
  <controlfield tag="008">060403s2005    mnuab    b    001 0 eng d</controlfield>
  <datafield tag="010" ind1=" " ind2=" ">
    <subfield code="a">  2006273806</subfield>
  </datafield>
  <datafield tag="020" ind1=" " ind2=" ">
    <subfield code="a">0975535129 (hard cover)</subfield>
  </datafield>
  <datafield tag="020" ind1=" " ind2=" ">
    <subfield code="a">0975535137 (soft cover)</subfield>
  </datafield>
  <datafield tag="050" ind1="0" ind2="0">
    <subfield code="a">R853 .M3B49 2005</subfield>
  </datafield>
  <datafield tag="100" ind1="0" ind2=" ">
    <subfield code="a">Bezruczko, Nikolaus,</subfield>
    <subfield code="d">1949-</subfield>
  </datafield>
  <datafield tag="245" ind1="1" ind2="0">
    <subfield code="a">Rasch measurement in health sciences /</subfield>
    <subfield code="c">Nikolaus Bezruczko.</subfield>
  </datafield>
  <datafield tag="260" ind1=" " ind2=" ">
    <subfield code="a">Maple Grove, Minn. :</subfield>
    <subfield code="b">JAM Press,</subfield>
    <subfield code="c">2005.</subfield>
  </datafield>
  <datafield tag="300" ind1=" " ind2=" ">
    <subfield code="a">xxix, 483 p. :</subfield>
    <subfield code="b">ill., 1 map ;</subfield>
    <subfield code="c">24 cm.</subfield>
  </datafield>
  <datafield tag="504" ind1=" " ind2=" ">
    <subfield code="a">Includes bibliographical references and indexes.</subfield>
  </datafield>
  <datafield tag="505" ind1="0" ind2="0">
    <subfield code="t">Measurement theory foundations /</subfield>
    <subfield code="r">Nikolaus Bezruczko, John M. Linacre --</subfield>
    <subfield code="t">Rasch model essentials /</subfield>
    <subfield code="r">Nikolaus Bezruczko --</subfield>
    <subfield code="t">Quality and outcome measures for medical rehabilitation /</subfield>
    <subfield code="r">Carl V. Granger ... [et al.] --</subfield>
    <subfield code="t">Refining a measure of brain injury sequelae: The Mayo-Portland Adaptability Inventory /</subfield>
    <subfield code="r">James F. Malec ... [et al.] --</subfield>
    <subfield code="t">Measuring patient satisfaction and dissatisfaction /</subfield>
    <subfield code="r">Elizabeth A. Hahn, David Cella --</subfield>
    <subfield code="t">Measurement consistency for different language versions of health-related quality of life instruments /</subfield>
    <subfield code="r">Chih-Hung Chang, David Cella, Benjamin D. Wright --</subfield>
    <subfield code="t">Credentialing health care professionals /</subfield>
    <subfield code="r">Anne Wendt, Donna Surges Tatum --</subfield>
    <subfield code="t">Task specificity and case dependency of standardized patient-based performance assessment /</subfield>
    <subfield code="r">Linjun Shen --</subfield>
    <subfield code="t">Assessing radiographic status of rheumatoid arthritis: introduction of a shortened erosion scale /</subfield>
    <subfield code="r">Frederick Wolfe, D&#xE9;sir&#xE9;e van der Heijde, Arvi Larsen --</subfield>
    <subfield code="t">Using Rasch measurement with medical data /</subfield>
    <subfield code="r">Kyle Perkins, Benjamin D. Wright, J. Kevin Dorsey --</subfield>
    <subfield code="t">Rater effects on disease activity scale /</subfield>
    <subfield code="r">Rita K. Bode ... [et al.] --</subfield>
    <subfield code="t">Representing treatment effects with variable maps /</subfield>
    <subfield code="r">Everett V. Smith Jr. -- The LIFEware system and Rasch analysis: evaluating functional status of multiple sclerosis patients /</subfield>
    <subfield code="r">Carl V. Granger, Marsha Carlin --</subfield>
    <subfield code="t">Several noncategorical measures define air pollution construct /</subfield>
    <subfield code="r">Pedro Alvarez --</subfield>
    <subfield code="t">Development of a short osteoporosis quality of life questionnaire by equating items from two existing instruments /</subfield>
    <subfield code="r">Xavier Badia .. [et al.] --</subfield>
    <subfield code="t">Measuring change: functional activity item calibrations at admission vs. discharge /</subfield>
    <subfield code="r">Larry H. Ludlow, Patricia Andres, Stephen M. Haley --</subfield>
    <subfield code="t">Rasch model comparison of Mood and Anxiety Symptom Questionnaire and Beck Depression Inventory /</subfield>
    <subfield code="r">Zhixiao Wang .. [et al.] --</subfield>
    <subfield code="t">Dimensionality and scaling issues measuring activities of daily living (ADL) /</subfield>
    <subfield code="r">Weimo Zhu, Jae Kennedy --</subfield>
    <subfield code="t">Fundamental measurement for MEPS/CAHPS quality of care scales /</subfield>
    <subfield code="r">William P. Fisher, Jr., George Karabatsos --</subfield>
    <subfield code="t">Rasch model isolates quality of life construct in Six WHOQOL-100 data sets (Argentina, France, Hong Kong, Spain, USA, and UK) /</subfield>
    <subfield code="r">Emmanuel Ecosse, Alain Leplege, the WHOQOL Rasch group --</subfield>
    <subfield code="t">Measurement in health research /</subfield>
    <subfield code="r">Alan Tennant.</subfield>
  </datafield>
  <datafield tag="650" ind1=" " ind2="0">
    <subfield code="a">Medical sciences</subfield>
    <subfield code="x">Mathematics.</subfield>
  </datafield>
  <datafield tag="650" ind1=" " ind2="0">
    <subfield code="a">Medical sciences</subfield>
    <subfield code="x">Research</subfield>
    <subfield code="x">Methodology.</subfield>
  </datafield>
  <datafield tag="650" ind1=" " ind2="0">
    <subfield code="a">Psychology</subfield>
    <subfield code="x">Mathematical models.</subfield>
  </datafield>
  <datafield tag="942" ind1=" " ind2=" ">
    <subfield code="2">lcc</subfield>
    <subfield code="c">BOOKS</subfield>
  </datafield>
  <datafield tag="952" ind1=" " ind2=" ">
    <subfield code="0">0</subfield>
    <subfield code="1">0</subfield>
    <subfield code="2">lcc</subfield>
    <subfield code="4">0</subfield>
    <subfield code="7">0</subfield>
    <subfield code="a">MUC</subfield>
    <subfield code="b">MUC</subfield>
    <subfield code="c">TECH</subfield>
    <subfield code="d">2016-12-21</subfield>
    <subfield code="e">Donation (BFA)</subfield>
    <subfield code="l">0</subfield>
    <subfield code="o">R853 .M3B49 2005</subfield>
    <subfield code="p">29292</subfield>
    <subfield code="r">2018-08-07</subfield>
    <subfield code="w">2016-12-21</subfield>
    <subfield code="y">BOOKS</subfield>
  </datafield>
</record>
